000 00865nam1a22002411i 4500
001 v19\rc\1305423
005 20241225195453.0
035 _a(NLR Aleph) 004463196
090 _a4527850
_c4527850
100 _a20060512d1898 |||y0rusy50 ca
101 0 _arus
102 _aRU
105 _a z |||||
200 1 _aТетрадь для грамматических упражнений
_eПравописание по руководству акад. Грота
_fСост. Я. Виноградов
205 _a3-е изд., доп. и испр. № 1-
210 _aСанкт-Петербург
_cМ.К. Шехтер
_dценз. 1898
700 1 _aВиноградов
_bЯ.
_4220
702 1 _aГрот
_4100
801 0 _aRU
_bNLR
_gpsbo
801 1 _aRU
_bProSoft-M
_2rusmarc
852 _aNLR
_j20.101.6.169
852 _aNLR
_j+Шифры разные
942 _cBOOK